000 00349nam a22001217a 4500
040 _cFIZZA ISHAQ
082 _a624.177
_bRFR
100 _aCOLL, DRIS R. BAUDIN C. FRANK R.
_986262
245 _aDESIGNERS GUIDE TO FUROCODES /
_cR. FRANK C. BAUDIN R. DRIS COLL.
260 _aLONDON :
_bTHOMES TELLORD,
_c2005.
300 _a216 P. ;
942 _2ddc
_cBK
999 _c587270
_d587270